Online
Catalog

Fonti e problemi della politica coloniale italiana : (Record no. 1092)

MARC details
000 -CABECERA
campo de control de longitud fija 01040cam a2200253 a 4500
001 - NÚMERO DE CONTROL
campo de control 000001138
005 - FECHA Y HORA DE LA ÚLTIMA TRANSACCIÓN
campo de control 20200929145503.0
008 - DATOS DE LONGITUD FIJA--INFORMACIÓN GENERAL
campo de control de longitud fija 970409s1996 it a b 101 0 ita d
020 ## - NÚMERO INTERNACIONAL ESTÁNDAR DEL LIBRO
Número Internacional Estándar del Libro 8871251083
040 ## - FUENTE DE LA CATALOGACIÓN
Centro catalogador/agencia de origen DO-SdBNP
Lengua de catalogación ita
Centro/agencia transcriptor LC
Centro/agencia modificador BNPHU
050 14 - SIGNATURA TOPOGRÁFICA DE LA BIBLIOTECA DEL CONGRESO
Número de clasificación DT35.5
Número de documento/Ítem .F67 1996
082 ## - NÚMERO DE LA CLASIFICACIÓN DECIMAL DEWEY
Número de clasificación nn*
Número de documento/Ítem F684p
049 ## - FONDOS LOCALES (OCLC)
Fondos de biblioteca BNGR
245 00 - MENCIÓN DE TÍTULO
Título Fonti e problemi della politica coloniale italiana :
Resto del título atti del convegno, Taormina-Messina, 23-29 ottobre 1989 /
Mención de responsabilidad, etc. introducción Renato Grispo.
260 ## - PUBLICACIÓN, DISTRIBUCIÓN, ETC.
Lugar de publicación, distribución, etc. Roma :
Nombre del editor, distribuidor, etc. Ministero per i Beni Culturali e Ambientali, Ufficio Centrale per i Beni Archivistici,
Fecha de publicación, distribución, etc. 1996.
300 ## - DESCRIPCIÓN FÍSICA
Extensión v. :
Otras características físicas il. ;
Dimensiones 24 cm.
490 1# - MENCIÓN DE SERIE
Mención de serie Pubblicazioni degli Archivi di Stato :
-- Saggi ;
Designación de volumen o secuencia 38
500 ## - NOTA GENERAL
Nota general La biblioteca sólo posee el volumen 2.
504 ## - NOTA DE BIBLIOGRAFÍA, ETC.
Nota de bibliografía, etc. Incluye referencias bibliográficas e índice.
651 #0 - PUNTO DE ACCESO ADICIONAL DE MATERIA--NOMBRE GEOGRÁFICO
Nombre geográfico Italy
Subdivisión general Colonies
Subdivisión geográfica Africa
Subdivisión general History
Subdivisión de forma Congresses.
9 (RLIN) 3894
700 1# - PUNTO DE ACCESO ADICIONAL--NOMBRE DE PERSONA
Nombre de persona Grispo, Renato,
Término indicativo de función/relación introd.
9 (RLIN) 3895
830 #0 - PUNTO DE ACCESO ADICIONAL DE SERIE-TÍTULO UNIFORME
Título uniforme Pubblicazioni degli Archivi di Stato :
Nombre de parte o sección de la obra Saggi ;
Designación de volumen o secuencia 38
9 (RLIN) 3896
910 ## - DATOS DE OPCIÓN DEL USUARIO (OCLC)
Datos de opción del usuario Catalogación por copia / LC
Holdings
Estado de retiro Estado de pérdida Restricciones de uso No para préstamo Código de colección Localización permanente Ubicación/localización actual Ubicación en estantería Fecha de adquisición Número de inventario Total de préstamos Signatura topográfica completa Código de barras Fecha visto por última vez Precio válido a partir de Tipo de ítem Koha
    Préstamo interno Préstamo en sala Dominicana de Servicio Biblioteca Nacional Pedro Henríquez Ureña Biblioteca Nacional Pedro Henríquez Ureña Depósito 08.07.2009 LF1   v.2 1138-10 25.06.2020 25.06.2020 Libros y folletos

Powered by Koha